000 00451nam a2200169Ia 4500
005 20250423101226.0
008 250422s9999 xx 000 0 und d
020 _a0-333-24103-7
050 _aLB 1631 .G727/
245 4 _aThe development of writing abilities (11-18) : schools council research studies
260 _aNew York
260 _bMacmillan Education
260 _c1975
300 _a226 p
650 _aWriting Abilities
942 _cBK
999 _c35666
_d35666